Renewable energy systems : (Record no. 13645)
[ view plain ]
| 000 -LEADER | |
|---|---|
| fixed length control field | 01035cam a22003135a 4500 |
| 001 - CONTROL NUMBER | |
| control field | 16107449 |
| 005 - DATE AND TIME OF LATEST TRANSACTION | |
| control field | 20121003123538.0 |
| 008 - FIXED-LENGTH DATA ELEMENTS--GENERAL INFORMATION | |
| fixed length control field | 100225s2010 enka b 001 0 eng |
| 010 ## - LIBRARY OF CONGRESS CONTROL NUMBER | |
| LC control number | 2010286526 |
| 015 ## - NATIONAL BIBLIOGRAPHY NUMBER | |
| National bibliography number | GBA981345 |
| Source | bnb |
| 016 7# - NATIONAL BIBLIOGRAPHIC AGENCY CONTROL NUMBER | |
| Record control number | 015351555 |
| Source | Uk |
| 020 ## - INTERNATIONAL STANDARD BOOK NUMBER | |
| International Standard Book Number | 9780123750280 (hbk.) |
| 020 ## - INTERNATIONAL STANDARD BOOK NUMBER | |
| International Standard Book Number | 0123750288 (hbk.) |
| 035 ## - SYSTEM CONTROL NUMBER | |
| System control number | (OCoLC)ocn432406466 |
| 040 ## - CATALOGING SOURCE | |
| Original cataloging agency | UKM |
| Transcribing agency | UKM |
| Modifying agency | EGM |
| -- | YDXCP |
| -- | BTCTA |
| -- | MUU |
| -- | WAU |
| -- | CDX |
| -- | DLC |
| 042 ## - AUTHENTICATION CODE | |
| Authentication code | lccopycat |
| 082 04 - DEWEY DECIMAL CLASSIFICATION NUMBER | |
| Classification number | 333.794 |
| Edition number | 22 |
| Item number | LUN |
| 100 1# - MAIN ENTRY--PERSONAL NAME | |
| Personal name | Lund, Henrik. |
| 9 (RLIN) | 12537 |
| 245 10 - TITLE STATEMENT | |
| Title | Renewable energy systems : |
| Remainder of title | the choice and modeling of 100% renewable solutions / |
| Statement of responsibility, etc | Henrik Lund. |
| 260 ## - PUBLICATION, DISTRIBUTION, ETC. (IMPRINT) | |
| Place of publication, distribution, etc | London : |
| Name of publisher, distributor, etc | Academic : |
| -- | Elsevier, |
| Date of publication, distribution, etc | c.2010. |
| 263 ## - PROJECTED PUBLICATION DATE | |
| Projected publication date | 200911 |
| 300 ## - PHYSICAL DESCRIPTION | |
| Extent | xvi, 275 p. : |
| Other physical details | ill. ; |
| Dimensions | 24 cm. |
| 500 ## - GENERAL NOTE | |
| General note | Includes Index. |
| 504 ## - BIBLIOGRAPHY, ETC. NOTE | |
| Bibliography, etc | Includes bibliographical references and index. |
| 650 #0 - SUBJECT ADDED ENTRY--TOPICAL TERM | |
| Topical term or geographic name as entry element | Renewable energy sources. |
| 9 (RLIN) | 12538 |
| 653 ## - INDEX TERM--UNCONTROLLED | |
| Resource For college | |
| Arrived date list | October2012 |
| 942 ## - ADDED ENTRY ELEMENTS (KOHA) | |
| Source of classification or shelving scheme | Dewey Decimal Classification |
| Item type | Book - Borrowing |
| Withdrawn status | Item status | Source of classification or shelving scheme | Damaged status | Not for loan | Vendor | Home library | Current library | Shelving location | Date acquired | Source of acquisition | Cost, normal purchase price | Serial Enumeration / chronology | Total Checkouts | Total Renewals | Full call number | Barcode | Date last seen | Date last borrowed | Koha item type |
|---|---|---|---|---|---|---|---|---|---|---|---|---|---|---|---|---|---|---|---|
| Dewey Decimal Classification | Alahram | Central Library | Central Library | First floor | 14/03/2010 | 280.00 | 30 | 3 | 20 | 333.794 LUN | 000019828 | 15/07/2025 | 01/07/2012 | Book - Borrowing | |||||
| Dewey Decimal Classification | Baccah | Central Library | Central Library | First floor | 03/10/2012 | 280.00 | 3 | 4 | 7 | 333.794 LUN | 000027538 | 15/07/2025 | 09/10/2022 | Book - Borrowing | |||||
| Dewey Decimal Classification | Baccah | Central Library | Central Library | First floor | 03/10/2012 | 280.00 | 3 | 333.794 LUN | 000027539 | 15/07/2025 | Book - Borrowing | ||||||||
| Dewey Decimal Classification | Baccah | Central Library | Central Library | First floor | 03/10/2012 | 280.00 | 3 | 1 | 21 | 333.794 LUN | 000027540 | 15/07/2025 | 02/02/2014 | Book - Borrowing |